| 000 | 00537nam a22001817a 4500 | ||
|---|---|---|---|
| 003 | OSt | ||
| 005 | 20260330073641.0 | ||
| 008 | 260330b |||||||| |||| 00| 0 eng d | ||
| 020 | _a9789719209959 | ||
| 040 |
_aDWCL GS lib _cOC |
||
| 082 | _aRes.(Fil.) 808.882 Y25w 2006 | ||
| 100 | _aYap, Riccah | ||
| 245 |
_aWonder Book of Quatation : _bA Book that inspires and enlighten / _cRiccah Yap |
||
| 260 |
_aManila _bPalinsad General MDSE. _cc2006. |
||
| 300 |
_a100 pages: _c12cm. |
||
| 546 | _aEnglish | ||
| 942 |
_2ddc _cBK-0 CIRC _hRes. _n0 |
||
| 999 |
_c9305 _d9305 |
||